Normal view
MARC view
Entry Topical Term
001 - CONTROL NUMBER
- control field: 71928
003 - CONTROL NUMBER IDENTIFIER
- control field: dpl
005 - DATE AND TIME OF LATEST TRANSACTION
- control field: 20240924164458.0
008 - FIXED-LENGTH DATA ELEMENTS
- fixed length control field: 240924|| aca||aabn | a|a d
040 ## - CATALOGING SOURCE
- Original cataloging agency: dpl
- Transcribing agency: dpl
150 ## - HEADING--TOPICAL TERM
- Topical term or geographic name as entry element: हिन्दी
670 ## - SOURCE DATA FOUND
- Source citation: Work cat.: (dpl)205855: अवस्थी, रमेश कुमार 71927, शारीरिक शिक्षा, योग तथा जीवन शैली /, 2021
